[Event "TCh-RUS Major League 2017"]
[Site "Sochi RUS"]
[Date "2017.05.01"]
[Round "1.1"]
[Board "1"]
[White "Pavlov, Maxim"]
[Black "Kovalev, Vladislav"]
[Result "0-1"]
[WhiteTitle "GM"]
[BlackTitle "GM"]
[WhiteElo "2486"]
[BlackElo "2629"]
[WhiteTeam "Tauris Respublika Krym"]
[BlackTeam "Friends of Ivan Bukavshina Tolyatti"]
[WhiteFideId "14104350"]
[BlackFideId "13504398"]
[EventDate "2017.05.01"]

1. e4 g6 2. d4 Bg7 3. Nc3 d6 4. g3 Nf6 5. Bg2 O-O 6. Nge2 Nbd7 7. h3 e5 8. Be3
c6 9. a4 exd4 10. Bxd4 Re8 11. O-O b6 12. g4 Nc5 13. Ng3 Ba6 14. Re1 Ne6 15. Be3
Qc7 16. g5 Nd7 17. Qd2 f6 18. gxf6 Nxf6 19. Rad1 Rad8 20. Qc1 Qe7 21. e5 dxe5
22. Bxc6 Rf8 23. Rxd8 Rxd8 24. Bg2 Qb4 25. Bd2 Qc5 26. Nge4 Nxe4 27. Nxe4 Qc7
28. Bg5 Rf8 29. Qd2 Bb7 30. c3 Kh8 31. Rd1 Qc6 32. b3 Nc5 33. Re1 Nxb3 34. Qa2
Na5 35. Be7 Rc8 36. Rd1 Nc4 37. Rd3 h6 38. Rg3 Qe6 39. Nd6 Bxg2 40. Nxc8 Bd5 41.
Qb1 e4 42. Qd1 e3 43. fxe3 Nxe3 44. Qe1 Nf5 45. Qxe6 Bxe6 46. Rd3 Bxc8 47. Rd8+
Kh7 48. Rxc8 Nxe7 49. Rc7 Nd5 50. Rxa7 Nxc3 51. Kg2 h5 52. a5 bxa5 53. Rxa5 Ne4
54. Kf3 Nd6 55. Rd5 Nf7 56. Ra5 Bf8 57. Kf4 Kg7 58. Ra6 Bd6+ 59. Kf3 Kf6 60. Ra5
Ng5+ 61. Kg2 Be5 62. Ra4 Kf5 63. Ra5 Ne6 64. Ra4 Nf4+ 65. Kh2 g5 66. Kg3 h4+ 67.
Kh2 Bc3 0-1

[Event "TCh-RUS Major League 2017"]
[Site "Sochi RUS"]
[Date "2017.05.01"]
[Round "1.1"]
[Board "3"]
[White "Vasilevich, Tatjana"]
[Black "Lugovskoy, Maxim"]
[Result "0-1"]
[WhiteTitle "IM"]
[BlackTitle "GM"]
[WhiteElo "2372"]
[BlackElo "2464"]
[WhiteTeam "Tauris Respublika Krym"]
[BlackTeam "Friends of Ivan Bukavshina Tolyatti"]
[WhiteFideId "14101610"]
[BlackFideId "24126454"]
[EventDate "2017.05.01"]

1. d4 d5 2. c4 e6 3. Nc3 Nf6 4. cxd5 exd5 5. Bg5 Nbd7 6. e3 Be7 7. Qc2 c6 8. Bd3
O-O 9. Nf3 Re8 10. O-O Nf8 11. h3 Ne4 12. Bf4 Ng5 13. Bxg5 Bxg5 14. b4 Qf6 15.
Ne5 Rxe5 16. dxe5 Qxe5 17. Rfe1 Be7 18. a3 Bd6 19. f4 Qf6 20. Ne2 a5 21. b5 c5
22. Nc3 Be6 23. f5 c4 24. fxe6 fxe6 25. Ne4 dxe4 26. Bxe4 Qe5 27. Bxb7 Rb8 28.
Qe4 Qxb5 29. Rab1 Qg5 30. Ba6 Qg3 31. Bxc4 Be5 32. Bxe6+ Kh8 33. Bc4 Rc8 34.
Rec1 Ng6 35. Bf7 Rf8 36. Rb7 Nh4 37. Ra7 Nxg2 38. Qxg2 Qxe3+ 39. Qf2 Qxc1+ 40.
Kg2 Qxa3 41. Qf3 Qb2+ 42. Kf1 a4 43. Ra8 Bb8 44. h4 h6 45. h5 Qc1+ 46. Kg2 Qc2+
47. Kf1 Qc7 48. Kg2 a3 49. Qb3 Qh2+ 50. Kf1 Qh1+ 0-1

[Event "TCh-RUS Major League 2017"]
[Site "Sochi RUS"]
[Date "2017.05.01"]
[Round "1.1"]
[Board "4"]
[White "Kalinin, Nikita"]
[Black "Linker, Mikhail"]
[Result "0-1"]
[WhiteElo "2213"]
[BlackElo "2239"]
[WhiteTeam "Friends of Ivan Bukavshina Tolyatti"]
[BlackTeam "Tauris Respublika Krym"]
[WhiteFideId "24155390"]
[BlackFideId "14101734"]
[EventDate "2017.05.01"]

1. d4 Nf6 2. Bf4 b6 3. e3 Bb7 4. Nf3 e6 5. Nbd2 Be7 6. h3 O-O 7. Bd3 c5 8. c3 d5
9. Ne5 Nbd7 10. O-O Nxe5 11. Bxe5 Nd7 12. Bh2 Nf6 13. a4 a6 14. Qe2 Qd7 15. Nf3
Rfc8 16. g4 Ne4 17. Ne5 Qe8 18. f3 Nd6 19. f4 f6 20. Nf3 Ne4 21. Kh1 c4 22. Bc2
b5 23. Rg1 bxa4 24. Bxa4 Bc6 25. Bc2 Rab8 26. Ra2 Rb6 27. Nd2 f5 28. Nxe4 fxe4
29. Rga1 Bb5 30. Bg3 Bd6 31. Kg2 Qd7 32. h4 Rcb8 33. Be1 Bc6 34. Bd1 a5 35. Qc2
Qb7 36. Rb1 a4 37. Bd2 Rb3 38. Bc1 a3 39. Qd2 Rb6 40. Kg3 Be8 41. g5 h6 42. Kg2
hxg5 43. hxg5 Bg6 44. Bg4 Kf7 45. Qf2 Ke7 46. Qd2 Bxf4 47. Rxa3 Bxg5 48. Rba1
Qc7 49. Qf2 Rf8 50. Qg3 Qxg3+ 51. Kxg3 Rf1 0-1

[Event "TCh-RUS Major League 2017"]
[Site "Sochi RUS"]
[Date "2017.05.01"]
[Round "1.2"]
[Board "2"]
[White "Kayukov, Kirill"]
[Black "Iljin, Timofey"]
[Result "1-0"]
[BlackTitle "IM"]
[WhiteElo "2155"]
[BlackElo "2317"]
[WhiteTeam "The Faculty of Law of Moscow State University"]
[BlackTeam "Our Crimea"]
[WhiteFideId "4107837"]
[BlackFideId "14110180"]
[EventDate "2017.05.01"]

1. e4 c5 2. c4 Nc6 3. Nc3 g6 4. g3 Bg7 5. Bg2 e6 6. Nge2 Nge7 7. O-O O-O 8. d3
a6 9. a3 Rb8 10. Rb1 b5 11. cxb5 axb5 12. b4 cxb4 13. axb4 d5 14. exd5 Nxd5 15.
Nxd5 exd5 16. Nf4 Be6 17. Bb2 Bxb2 18. Rxb2 Qf6 19. Qd2 Rbd8 20. Rc2 Nd4 21. Rc7
Qe5 22. Rc5 Rfe8 23. Re1 Qf6 24. Nxd5 Bxd5 25. Rxd5 Rc8 26. Rc5 Rcd8 27. Re3 Re6
28. Rxe6 Qxe6 29. Qe3 Qb3 30. Qe7 Rf8 31. Bd5 Qxd3 32. Qf6 Ne6 33. Bxe6 Qb1+ 34.
Kg2 Qe4+ 35. Qf3 Qxe6 36. Rxb5 Re8 37. Rb7 h5 38. b5 Rd8 39. Rc7 Rd6 40. Rc6 h4
41. gxh4 Rxc6 42. bxc6 Qc4 43. h5 gxh5 44. Qg3+ Kh7 45. c7 Qc6+ 46. Kf1 Qc1+ 47.
Ke2 Qc2+ 48. Ke3 Qc3+ 49. Ke4 Qc4+ 50. Kf5 Qe6+ 51. Kg5 Qg6+ 52. Kh4 Qf5 53. f3
f6 54. Qd6 Qg5+ 55. Kh3 Qf5+ 56. Kg3 Kg6 57. Qf4 Qd7 58. Qc4 Qc8 59. Qc6 Kf7 60.
Qd6 Qf5 61. h4 Qg6+ 62. Kf4 Qh6+ 63. Ke4 Qg6+ 64. Kd5 Qd3+ 65. Kc6 Qa6+ 66. Kd7
Qb5+ 67. Qc6 Qf5+ 68. Kd8 Qa5 69. Qd7+ Kg6 70. Ke8 Qe5+ 71. Kf8 Qc5+ 72. Qe7 Qc4
73. Qe4+ 1-0

[Event "TCh-RUS Major League 2017"]
[Site "Sochi RUS"]
[Date "2017.05.02"]
[Round "2.1"]
[Board "1"]
[White "Shimanov, Aleksandr"]
[Black "Ponkratov, Pavel"]
[Result "0-1"]
[WhiteTitle "GM"]
[BlackTitle "GM"]
[WhiteElo "2642"]
[BlackElo "2590"]
[WhiteTeam "Friends of Ivan Bukavshina Tolyatti"]
[BlackTeam "Yuzhnyy Ural Chelyabinsk"]
[WhiteFideId "4198603"]
[BlackFideId "4157800"]
[EventDate "2017.05.01"]

1. d4 Nf6 2. c4 e6 3. Nf3 d5 4. Nc3 c6 5. Bg5 h6 6. Bxf6 Qxf6 7. e3 Nd7 8. Be2
Qd8 9. O-O g6 10. e4 dxc4 11. d5 cxd5 12. exd5 Bg7 13. Bxc4 Nb6 14. Bb5+ Kf8 15.
d6 Kg8 16. Re1 a6 17. Bf1 Kh7 18. a4 Nd7 19. h4 Qa5 20. Nd2 Ne5 21. h5 Rd8 22.
hxg6+ fxg6 23. Nb3 Qb6 24. Ne4 Bd7 25. Nbc5 Bc6 26. a5 Qxb2 27. Nxe6 Bxe4 28.
Nxg7 Nf7 29. Rxe4 Rxd6 30. Qb1 Qxg7 31. Re7 Rf8 32. Ra3 Kh8 33. Qxb7 Rf6 34. Qa7
Rf5 35. Rb7 Qf6 36. Rb6 Nd6 37. Bxa6 Rxf2 38. Rg3 Qd4 39. Kh1 R2f7 40. Bb7 Rf1+ 0-1

[Event "TCh-RUS Major League 2017"]
[Site "Sochi RUS"]
[Date "2017.05.02"]
[Round "2.1"]
[Board "2"]
[White "Gutenev, Alexander"]
[Black "Kovalev, Vladislav"]
[Result "0-1"]
[WhiteTitle "IM"]
[BlackTitle "GM"]
[WhiteElo "2448"]
[BlackElo "2629"]
[WhiteTeam "Yuzhnyy Ural Chelyabinsk"]
[BlackTeam "Friends of Ivan Bukavshina Tolyatti"]
[WhiteFideId "4195540"]
[BlackFideId "13504398"]
[EventDate "2017.05.01"]

1. e4 e5 2. Nf3 Nc6 3. Bb5 a6 4. Ba4 Nf6 5. O-O Be7 6. Re1 b5 7. Bb3 d6 8. c3
O-O 9. h3 Na5 10. Bc2 c5 11. d4 Nd7 12. dxc5 dxc5 13. Nbd2 Re8 14. Qe2 Bf8 15.
Nf1 Nc4 16. b3 Nd6 17. c4 Nb8 18. Ne3 Nc6 19. Nd5 Bb7 20. Ba3 b4 21. Bb2 a5 22.
a3 f6 23. Nd2 Nf7 24. Qd3 Ng5 25. Bd1 Ne6 26. Bg4 Ned4 27. Nf1 bxa3 28. Bxa3 Nb4
29. Nxb4 cxb4 30. Bb2 Bc5 31. Kh1 Qd6 32. Ne3 Bc6 33. Bd1 Ne6 34. Qc2 Ra7 35.
Nd5 Rea8 36. Qd2 Bd4 37. Ra2 Kh8 38. Bg4 Nc5 39. Bd1 Bxb2 40. Rxb2 Be8 41. Qe3
Bg6 42. Bc2 Rb7 43. Ra1 h6 44. f3 Kh7 45. Bd1 Be8 46. Kh2 Ra6 47. Rd2 Qf8 48.
Rb2 Bc6 49. Kg1 Ne6 50. Rba2 Rba7 51. Kh2 Nd4 52. Qd2 Qd6 53. Qe1 Bb7 54. Qe3
Qc5 55. Qe1 Bc8 56. Qd2 Ra8 57. Qe1 Rb8 58. Rb2 Bd7 59. Rab1 Ra7 60. Qd2 Rab7
61. Qd3 f5 62. Ne3 f4 63. Nd5 Be8 64. Ra1 Ra7 65. Rd2 Rd8 66. Rda2 Rd6 67. Kh1
Bd7 68. Qd2 a4 69. bxa4 b3 70. Rb2 Qxc4 71. a5 Qf1+ 72. Kh2 Nxf3+ 73. Bxf3 Qxa1
74. Rxb3 Qxa5 75. Qf2 Rc6 76. Rb1 Qa2 77. Qg1 Rg6 78. Nb4 Qa5 79. Nd5 Rg3 80.
Qf2 Qa2 81. Rb2 Qa1 82. Rd2 Rb7 83. Ra2 Qc1 84. Rc2 Qa1 85. Ra2 Qb1 86. Rd2 Be6
87. Rc2 Rb3 88. Nc3 Qa1 89. Qc5 Qe1 90. Qxe5 Rxf3 91. gxf3 Qg3+ 92. Kh1 Bxh3 93.
Qd4 Qxf3+ 94. Kg1 Qg3+ 95. Kh1 Bg4 0-1

[Event "TCh-RUS Major League 2017"]
[Site "Sochi RUS"]
[Date "2017.05.02"]
[Round "2.1"]
[Board "3"]
[White "Yuffa, Daniil"]
[Black "Matsenko, Andrei"]
[Result "1-0"]
[WhiteTitle "GM"]
[BlackTitle "FM"]
[WhiteElo "2510"]
[BlackElo "2314"]
[WhiteTeam "Friends of Ivan Bukavshina Tolyatti"]
[BlackTeam "Yuzhnyy Ural Chelyabinsk"]
[WhiteFideId "24131423"]
[BlackFideId "24146501"]
[EventDate "2017.05.01"]

1. Nf3 Nf6 2. g3 b5 3. Bg2 Bb7 4. O-O e6 5. d3 d5 6. e4 dxe4 7. Ng5 h6 8. Nxe4
Nxe4 9. Bxe4 Bxe4 10. dxe4 Qxd1 11. Rxd1 Nd7 12. a4 b4 13. Be3 O-O-O 14. Bxa7
Bc5 15. Bxc5 Nxc5 16. Re1 Rd6 17. c3 Nd3 18. Rd1 b3 19. Rd2 Rhd8 20. Na3 Ne5 21.
Rxd6 Rxd6 22. f4 Nd3 23. Nb5 Ra6 24. a5 c5 25. e5 Nxb2 26. Nd6+ Kd7 27. Rb1 Nd3
28. Rxb3 Rxa5 29. Nxf7 Ra1+ 30. Kg2 Ra2+ 31. Kf3 Ne1+ 32. Ke3 Rxh2 33. Rb7+ Ke8
34. Nd6+ Kf8 35. f5 Nc2+ 36. Ke4 exf5+ 37. Kxf5 1-0

[Event "TCh-RUS Major League 2017"]
[Site "Sochi RUS"]
[Date "2017.05.02"]
[Round "2.1"]
[Board "4"]
[White "Kazantsev, Nikita"]
[Black "Lugovskoy, Maxim"]
[Result "1/2-1/2"]
[BlackTitle "GM"]
[WhiteElo "2244"]
[BlackElo "2464"]
[WhiteTeam "Yuzhnyy Ural Chelyabinsk"]
[BlackTeam "Friends of Ivan Bukavshina Tolyatti"]
[WhiteFideId "24175633"]
[BlackFideId "24126454"]
[EventDate "2017.05.01"]

1. e4 e6 2. d4 d5 3. exd5 exd5 4. Nf3 Bg4 5. h3 Bh5 6. Qe2+ Qe7 7. Be3 Nc6 8.
Nc3 O-O-O 9. g4 Bg6 10. O-O-O Nf6 11. Ne5 Qe8 12. Nxg6 hxg6 13. Bg2 Qe6 14. a3
a6 15. Qf3 Na5 16. g5 Ne4 17. Nxe4 dxe4 18. Qg4 Qxg4 19. hxg4 Rxh1 20. Rxh1 Nc4
21. Bxe4 Nxe3 22. fxe3 Be7 23. Rf1 Bxg5 24. Rxf7 Bxe3+ 25. Kb1 Bxd4 26. Bxg6 Kb8
27. Bf5 Rh8 28. Rd7 Be5 29. Rd5 Bf6 30. Rd7 Rh1+ 31. Ka2 Rg1 32. Rf7 Rg3 33. Rd7
g5 34. Rd3 Rg1 35. Re3 Bd4 36. Re8+ Ka7 37. Re7 Kb6 38. Re6+ Ka7 39. Re7 Kb6 40.
Re6+ Ka7 1/2-1/2

[Event "TCh-RUS Major League 2017"]
[Site "Sochi RUS"]
[Date "2017.05.02"]
[Round "2.2"]
[Board "1"]
[White "Iljiushenok, Ilia"]
[Black "Savchenko, Boris"]
[Result "1/2-1/2"]
[WhiteTitle "IM"]
[BlackTitle "GM"]
[WhiteElo "2489"]
[BlackElo "2634"]
[WhiteTeam "Moscow region"]
[BlackTeam "Terrible Chechen Republic"]
[WhiteFideId "24105074"]
[BlackFideId "4147332"]
[EventDate "2017.05.01"]

1. e4 e6 2. d4 d5 3. e5 c5 4. c3 Nc6 5. Nf3 Bd7 6. Be2 cxd4 7. cxd4 Nge7 8. Nc3
Nf5 9. O-O Rc8 10. Kh1 Qb6 11. Na4 Qa5 12. Bd2 Qd8 13. Bg5 Qa5 14. Bd2 Qd8 15.
Bg5 f6 16. exf6 gxf6 17. Bf4 Nce7 18. Bd3 Ng6 19. Bd2 Kf7 20. Re1 Ng7 21. Qb3
Bc6 22. Bh6 b5 23. Nc5 Bxc5 24. dxc5 e5 25. Rad1 Ne6 26. Bf5 Nxc5 27. Qb4 Bd7
28. Rxd5 Ne7 29. Rxd7 Nxd7 30. Qb3+ Rc4 31. Qxb5 Rc6 32. Qb3+ Ke8 33. Be4 Rb6
34. Qa4 Qc8 35. Rd1 Ra6 36. Qb5 Rb6 37. Qa4 Ra6 38. Qb5 Rb6 39. Qa4 1/2-1/2

[Event "TCh-RUS Major League 2017"]
[Site "Sochi RUS"]
[Date "2017.05.02"]
[Round "2.2"]
[Board "2"]
[White "Tukhaev, Adam"]
[Black "Chernobay, Artem"]
[Result "1-0"]
[WhiteTitle "GM"]
[BlackTitle "GM"]
[WhiteElo "2557"]
[BlackElo "2496"]
[WhiteTeam "Terrible Chechen Republic"]
[BlackTeam "Moscow region"]
[WhiteFideId "14109476"]
[BlackFideId "4167406"]
[EventDate "2017.05.01"]

1. e4 e6 2. d4 d5 3. Nc3 Bb4 4. e5 c5 5. a3 Bxc3+ 6. bxc3 Ne7 7. Qg4 O-O 8. Bd3
Nbc6 9. Bg5 Qa5 10. Ne2 Ng6 11. O-O c4 12. Bxg6 fxg6 13. a4 Bd7 14. Rfb1 b6 15.
Rb5 Qa6 16. Rxd5 exd5 17. Qxd7 Qc8 18. Qxd5+ Kh8 19. Qxc4 Qg4 20. f4 h6 21. h3
Qf5 22. Bh4 Qxc2 23. Qxc6 Qxe2 24. Re1 Qd2 25. e6 Qxf4 26. Re4 Qf5 27. e7 Rfe8
28. Re5 Qf7 29. Re3 Rac8 30. Qd6 Kh7 31. Kh2 Qc4 32. Bg3 Qxa4 33. d5 a5 34. Qe6
Ra8 35. Re4 Qb3 36. Rg4 g5 37. h4 Ra7 38. Bd6 Qd1 39. hxg5 1-0

[Event "TCh-RUS Major League 2017"]
[Site "Sochi RUS"]
[Date "2017.05.02"]
[Round "2.2"]
[Board "3"]
[White "Sarana, Alexey"]
[Black "Gabrielian, Artur"]
[Result "1/2-1/2"]
[WhiteTitle "IM"]
[BlackTitle "GM"]
[WhiteElo "2472"]
[BlackElo "2525"]
[WhiteTeam "Moscow region"]
[BlackTeam "Terrible Chechen Republic"]
[WhiteFideId "24133795"]
[BlackFideId "4131002"]
[EventDate "2017.05.01"]

1. d4 Nf6 2. c4 g6 3. Nc3 d5 4. cxd5 Nxd5 5. e4 Nxc3 6. bxc3 Bg7 7. Qa4+ Qd7 8.
Qa3 b6 9. Nf3 Bb7 10. Bd3 c5 11. O-O O-O 12. Bg5 Nc6 13. d5 Ne5 14. Nxe5 Bxe5
15. f4 Bg7 16. Qb3 h6 17. Bh4 e6 18. Bb5 Qd6 19. dxe6 Qxe6 20. e5 Qg4 21. Bg3
Rad8 22. Rad1 h5 23. Qc2 Be4 24. Qe2 Qxe2 25. Bxe2 Bc2 26. Rxd8 Rxd8 27. Kf2 Bf5
28. Ke3 f6 29. Bc4+ Kh7 30. Bh4 Rf8 31. Bxf6 Bxf6 32. exf6 Rxf6 33. Rd1 Kg7 34.
Rd8 Rf8 35. Rxf8 Kxf8 36. Bd3 Ke7 37. Bb5 Kf6 38. a3 Bc8 39. Bd3 Bb7 40. g3 Bc6 1/2-1/2

[Event "TCh-RUS Major League 2017"]
[Site "Sochi RUS"]
[Date "2017.05.02"]
[Round "2.2"]
[Board "4"]
[White "Musalov, Ruslan"]
[Black "Bykov, Oleg"]
[Result "1-0"]
[WhiteTitle "IM"]
[WhiteElo "2348"]
[BlackElo "2314"]
[WhiteTeam "Terrible Chechen Republic"]
[BlackTeam "Moscow region"]
[WhiteFideId "4141490"]
[BlackFideId "24198978"]
[EventDate "2017.05.01"]

1. d4 Nf6 2. Nf3 g6 3. g3 Bg7 4. Bg2 O-O 5. O-O d6 6. c4 Nc6 7. Nc3 a6 8. Qd3
Bd7 9. Bf4 Rb8 10. a3 b5 11. b4 Nh5 12. Bg5 h6 13. Be3 Kh7 14. cxb5 axb5 15. d5
Ne5 16. Nxe5 Bxe5 17. f4 Bf5 18. Qd2 Bg7 19. Bd4 Qd7 20. e4 Bxd4+ 21. Qxd4 Bh3
22. Bxh3 Qxh3 23. Qd3 Qd7 24. Rac1 Rfc8 25. Ne2 c5 26. dxc6 Rxc6 27. Rxc6 Qxc6
28. Rc1 Qb7 29. Qd5 Qa7+ 30. Kf1 Kg8 31. e5 Ng7 32. exd6 exd6 33. Nd4 Re8 34.
Re1 Rc8 35. Nxb5 Qd7 36. Nd4 Rc3 37. b5 Rd3 38. b6 Rd2 39. Re2 Rd1+ 40. Kg2 Nf5
41. b7 Rb1 42. Nb3 Nh4+ 43. Kf2 Qh3 44. b8=Q+ Kg7 45. Qd4+ 1-0

[Event "TCh-RUS Major League 2017"]
[Site "Sochi RUS"]
[Date "2017.05.03"]
[Round "3.1"]
[Board "1"]
[White "Goryachkina, Aleksandra"]
[Black "Shimanov, Aleksandr"]
[Result "1/2-1/2"]
[WhiteTitle "WGM"]
[BlackTitle "GM"]
[WhiteElo "2470"]
[BlackElo "2642"]
[WhiteTeam "Yamal YaNAO"]
[BlackTeam "Friends of Ivan Bukavshina Tolyatti"]
[WhiteFideId "4147103"]
[BlackFideId "4198603"]
[EventDate "2017.05.01"]

1. d4 Nf6 2. c4 g6 3. Nc3 Bg7 4. e4 O-O 5. Be3 d6 6. h3 Na6 7. Nf3 e5 8. d5 Nc5
9. Nd2 a5 10. g4 c6 11. Be2 a4 12. a3 Bd7 13. g5 Ne8 14. h4 Qa5 15. h5 cxd5 16.
Nxd5 Qd8 17. hxg6 fxg6 18. Bxc5 dxc5 19. Bg4 Nc7 20. Bxd7 Qxd7 21. Qe2 Ne6 22.
Qg4 Rad8 23. Qh4 Bh8 24. O-O-O Rf7 25. Kb1 b5 26. Nf3 Qb7 27. Qh3 Nd4 28. Nxd4
exd4 29. Qd3 bxc4 30. Qxc4 Qb3 31. Ne7+ Kg7 32. Qxc5 h5 33. gxh6+ Kh7 34. Nc6
Rc8 35. Qd5 Rxf2 36. Qd7+ Qf7 37. Qxc8 Rxb2+ 38. Kxb2 Qb3+ 39. Ka1 Qxa3+ 40. Kb1
Qb3+ 1/2-1/2

[Event "TCh-RUS Major League 2017"]
[Site "Sochi RUS"]
[Date "2017.05.03"]
[Round "3.1"]
[Board "2"]
[White "Kovalev, Vladislav"]
[Black "Potapov, Pavel"]
[Result "1-0"]
[WhiteTitle "GM"]
[BlackTitle "GM"]
[WhiteElo "2629"]
[BlackElo "2497"]
[WhiteTeam "Friends of Ivan Bukavshina Tolyatti"]
[BlackTeam "Yamal YaNAO"]
[WhiteFideId "13504398"]
[BlackFideId "4169786"]
[EventDate "2017.05.01"]

1. e4 g6 2. d4 Bg7 3. Nc3 d6 4. Bg5 c6 5. Qd2 Nd7 6. f4 Qc7 7. Nf3 b5 8. Bd3 Nb6
9. O-O a6 10. a4 b4 11. a5 Nd7 12. Ne2 c5 13. c3 c4 14. Bb1 b3 15. e5 Bb7 16.
Ng3 e6 17. exd6 Qxd6 18. Be4 Bd5 19. Rae1 Ngf6 20. f5 O-O 21. fxe6 fxe6 22. Bh6
Nxe4 23. Nxe4 Qc6 24. Bxg7 Kxg7 25. Qe3 Rae8 26. Neg5 Qd6 27. Rf2 h6 28. Ne4 Qc6
29. Nc5 Rf5 30. Nxd7 Qxd7 31. Ne5 Qd8 32. Ng4 Qh4 33. Rxf5 gxf5 34. Nf2 Kh7 35.
Nh3 Rg8 36. Nf4 Be4 37. g3 Qf6 38. Ra1 e5 39. dxe5 Qxe5 40. Rd1 Rg7 41. Kf2 Rc7
42. Rd8 Qc5 43. Rd7+ Kg8 44. Rg7+ Kh8 45. Rxc7 Qxc7 46. Ne6 Qd7 47. Qd4+ Qxd4+
48. Nxd4 Kg7 49. Ne6+ Kf6 50. Nc5 Ke5 51. Ke3 1-0

[Event "TCh-RUS Major League 2017"]
[Site "Sochi RUS"]
[Date "2017.05.03"]
[Round "3.1"]
[Board "3"]
[White "Belyakov, Bogdan"]
[Black "Yuffa, Daniil"]
[Result "1/2-1/2"]
[WhiteTitle "IM"]
[BlackTitle "GM"]
[WhiteElo "2470"]
[BlackElo "2510"]
[WhiteTeam "Yamal YaNAO"]
[BlackTeam "Friends of Ivan Bukavshina Tolyatti"]
[WhiteFideId "24104795"]
[BlackFideId "24131423"]
[EventDate "2017.05.01"]

1. e4 c6 2. d4 d5 3. Nc3 dxe4 4. Nxe4 Nd7 5. Bd3 Ngf6 6. Ng5 h6 7. Ne6 Qb6 8.
Nxf8 Nxf8 9. c3 Ne6 10. Nf3 c5 11. O-O O-O 12. dxc5 Nxc5 13. Bc2 Bg4 14. h3 Bh5
15. Qe2 Rad8 16. Be3 Nd5 17. Bd4 Qe6 18. Qe5 Qxe5 19. Nxe5 Nd7 20. Nxd7 Rxd7 21.
Bxa7 b6 22. Bb3 Ra8 23. Bxd5 Rxd5 24. Bxb6 Rb5 25. Bd4 Rxb2 26. a4 Ra5 27. Rfe1
e6 28. c4 Rc2 29. Bb6 Rg5 30. Be3 Ra5 31. Bb6 Rg5 32. Be3 Ra5 33. g4 Bxg4 34.
hxg4 Rxc4 35. f3 Raxa4 36. Rxa4 Rxa4 37. Kg2 Kh7 38. Bf2 Kg6 39. Re5 Ra6 40. Kg3
Ra3 41. Rc5 Rd3 42. Be1 f6 43. Rc7 Rb3 44. Kf4 Rb5 45. Bc3 h5 46. gxh5+ Rxh5 47.
Ke3 e5 48. Bb4 Rh8 49. Rb7 1/2-1/2

[Event "TCh-RUS Major League 2017"]
[Site "Sochi RUS"]
[Date "2017.05.03"]
[Round "3.1"]
[Board "4"]
[White "Lugovskoy, Maxim"]
[Black "Savitskiy, Sergey"]
[Result "1/2-1/2"]
[WhiteTitle "GM"]
[BlackTitle "FM"]
[WhiteElo "2464"]
[BlackElo "2416"]
[WhiteTeam "Friends of Ivan Bukavshina Tolyatti"]
[BlackTeam "Yamal YaNAO"]
[WhiteFideId "24126454"]
[BlackFideId "24105660"]
[EventDate "2017.05.01"]

1. d4 f5 2. g4 fxg4 3. e4 d5 4. Nc3 dxe4 5. Be3 Nf6 6. Bg2 Bf5 7. h3 e6 8. hxg4
Bxg4 9. Qd2 Bb4 10. Bg5 Nc6 11. a3 Bxc3 12. bxc3 Qd6 13. Bxf6 gxf6 14. Bxe4
O-O-O 15. Ne2 e5 16. d5 Bxe2 17. Qxe2 Ne7 18. c4 f5 19. Bg2 Rhg8 20. Bf1 Kb8 21.
Qd2 Rg4 22. Be2 Rg7 23. Qb4 c6 24. O-O-O Qxb4 25. axb4 cxd5 26. Rh6 d4 27. Re6
Ng6 28. Bh5 Re7 29. Rf6 Rf8 30. Rxf8+ Nxf8 31. f4 e4 32. Rxd4 Ne6 33. Rd5 Nxf4
34. Rxf5 Nxh5 35. Rxh5 e3 36. Kd1 e2+ 37. Ke1 b6 38. c5 b5 39. c3 Kc7 40. Rh6
Kb7 41. Rf6 Kb8 42. Rh6 Kc7 43. Ra6 Kb7 44. Rh6 Kc8 45. Ra6 Kb7 46. Rh6 Kc7 1/2-1/2

[Event "TCh-RUS Major League 2017"]
[Site "Sochi RUS"]
[Date "2017.05.03"]
[Round "3.2"]
[Board "1"]
[White "Savchenko, Boris"]
[Black "Paravyan, David"]
[Result "1-0"]
[WhiteTitle "GM"]
[BlackTitle "IM"]
[WhiteElo "2634"]
[BlackElo "2528"]
[WhiteTeam "Terrible Chechen Republic"]
[BlackTeam "Eggnog Moscow"]
[WhiteFideId "4147332"]
[BlackFideId "4194985"]
[EventDate "2017.05.01"]

1. d4 Nf6 2. Nf3 e6 3. Bf4 Be7 4. c4 O-O 5. Nc3 d5 6. e3 Nbd7 7. Qc2 c5 8. Rd1
Qa5 9. Nd2 cxd4 10. exd4 dxc4 11. Nxc4 Qd8 12. Bd3 Nb6 13. Nxb6 Qxb6 14. O-O Bd7
15. Be5 h6 16. Qe2 Bc6 17. Bb1 Rfd8 18. Kh1 g6 19. a4 Rac8 20. Rfe1 Qb4 21. Rd3
Nd7 22. Bg3 Bf6 23. Qd2 Bg5 24. Qe2 Bf6 25. Qd2 Bg5 26. Qe2 h5 27. d5 exd5 28.
Nxd5 Qxa4 29. Ne7+ Bxe7 30. Qxe7 Qa5 31. b4 Qf5 32. Rd6 Qg4 33. b5 Bxb5 34. Bxg6
fxg6 35. Be5 Nxe5 36. Rxd8+ Rxd8 37. Qxd8+ Kh7 38. Rxe5 Bc6 39. Re7+ Kh6 40.
Qd2+ 1-0

[Event "TCh-RUS Major League 2017"]
[Site "Sochi RUS"]
[Date "2017.05.03"]
[Round "3.2"]
[Board "2"]
[White "Zhukova, Natalia"]
[Black "Tukhaev, Adam"]
[Result "1/2-1/2"]
[WhiteTitle "GM"]
[BlackTitle "GM"]
[WhiteElo "2450"]
[BlackElo "2557"]
[WhiteTeam "Eggnog Moscow"]
[BlackTeam "Terrible Chechen Republic"]
[WhiteFideId "14101513"]
[BlackFideId "14109476"]
[EventDate "2017.05.01"]

1. c4 Nf6 2. Nc3 g6 3. e4 d6 4. d4 Bg7 5. Nf3 O-O 6. Be2 e5 7. O-O Nc6 8. d5 Ne7
9. b4 c6 10. dxc6 bxc6 11. b5 Bb7 12. bxc6 Bxc6 13. Qd3 Qd7 14. Ba3 Rad8 15.
Rfd1 Ne8 16. Ne1 f5 17. Nc2 fxe4 18. Nxe4 Nf5 19. Rab1 Rf7 20. Ng5 Re7 21. Bf3
Bxf3 22. Qxf3 Nf6 23. Bxd6 Nxd6 24. c5 Qa4 25. cxd6 Red7 26. Ne3 Qxa2 27. Qc6
Rxd6 28. Qxd6 Rxd6 29. Rb8+ Bf8 30. Rxd6 Ng4 31. Nd1 Qe2 32. g3 Kg7 33. Ne6+ Kh6
34. Rxf8 Qe1+ 35. Kg2 Qb4 36. Rd7 Qc4 37. Nd8 Qe4+ 38. Kg1 Qe1+ 39. Kg2 Qe4+ 40.
Kg1 Qe1+ 41. Kg2 1/2-1/2

[Event "TCh-RUS Major League 2017"]
[Site "Sochi RUS"]
[Date "2017.05.03"]
[Round "3.2"]
[Board "3"]
[White "Gabrielian, Artur"]
[Black "Kryakvin, Dmitry"]
[Result "0-1"]
[WhiteTitle "GM"]
[BlackTitle "GM"]
[WhiteElo "2525"]
[BlackElo "2560"]
[WhiteTeam "Terrible Chechen Republic"]
[BlackTeam "Eggnog Moscow"]
[WhiteFideId "4131002"]
[BlackFideId "4153278"]
[EventDate "2017.05.01"]

1. e4 e5 2. Nf3 Nc6 3. Bc4 Nf6 4. d3 h6 5. O-O d6 6. a4 g6 7. Nbd2 Bg7 8. Re1
O-O 9. Nf1 Kh8 10. c3 Nh7 11. Ng3 f5 12. exf5 gxf5 13. Nh5 f4 14. Nxg7 Kxg7 15.
d4 d5 16. Ba2 e4 17. Ne5 Nxe5 18. dxe5 Be6 19. c4 c6 20. cxd5 cxd5 21. Qb3 Kh8
22. Qxb7 Ng5 23. Bd2 Rb8 24. Qxa7 Rxb2 25. Bc3 Rc2 26. Rec1 Nh3+ 27. Kh1 Nxf2+
28. Kg1 Nh3+ 29. Kh1 Rxg2 30. Kxg2 Qg5+ 31. Kh1 e3 32. Rf1 Rg8 0-1